000 00780nam a22002177a 4500
008 110811t xxu||||| |||| 00| 0 eng d
020 _a2-257-14377-9
040 _aBUAC
_cCDIRSP
041 _aFr
100 _aRUMEAU- ROUQUETTE, Claude
_918179
245 _aEpidémiologie
_b : méthodes et pratique
_c / Claude RUMEAU- ROUQUETTE, Béatrice BLONDEL, Monique KAMINSKI ...et, al
260 _aParis :
_bFlammarion Médecine- Sciences,
_c1993
300 _a312 p.
440 _a(Statistique en Biologie et en Médecine)
_918180
650 _aEpidémiologie
_918181
653 _aStatistique sanitaire
_aMéthodes, pratique
700 _aBLONDEL, Béatrice
_918182
700 _aKAMINSKI, Monique
_918183
700 _aSCHWARTZ, Daniel
_cPréf.
_918184
942 _cLIVR
999 _c49602
_d49602